Samagra Rajyashastra: ಸಮಗ್ರ ರಾಜ್ಯಶಾಸ್ತ್ರ : (Record no. 221742)
[ view plain ]
| 000 -LEADER | |
|---|---|
| fixed length control field | 01821nam a22002417a 4500 |
| 005 - DATE AND TIME OF LATEST TRANSACTION | |
| control field | 20220307144416.0 |
| 008 - FIXED-LENGTH DATA ELEMENTS--GENERAL INFORMATION | |
| fixed length control field | 220307b ||||| |||| 00| 0 eng d |
| 040 ## - CATALOGING SOURCE | |
| Transcribing agency | Aloy |
| 041 ## - LANGUAGE CODE | |
| Language code of text/sound track or separate title | kan |
| 082 ## - DEWEY DECIMAL CLASSIFICATION NUMBER | |
| Edition number | 23 |
| Classification number | 320.02K |
| Item number | GANS |
| 100 ## - MAIN ENTRY--PERSONAL NAME | |
| Personal name | Gangadhara P S: ಗಂಗಾಧರ ಪಿ ಎಸ್ |
| 100 ## - MAIN ENTRY--PERSONAL NAME | |
| 9 (RLIN) | 23005 |
| 245 ## - TITLE STATEMENT | |
| Title | Samagra Rajyashastra: ಸಮಗ್ರ ರಾಜ್ಯಶಾಸ್ತ್ರ : |
| Remainder of title | KSET, SLET, NET |
| 260 ## - PUBLICATION, DISTRIBUTION, ETC. | |
| Place of publication, distribution, etc. | Maisuru |
| Name of publisher, distributor, etc. | Maisuru Book House |
| Date of publication, distribution, etc. | 2021 |
| 300 ## - PHYSICAL DESCRIPTION | |
| Extent | xii,1060p. |
| Other physical details | PB |
| Dimensions | 24x17 cm. |
| 365 ## - TRADE PRICE | |
| Source of price type code | Political Science |
| Price type code | 6190 |
| Price amount | 792.00 |
| Currency code | ₹ |
| Unit of pricing | 990.00 |
| Price note | 20% |
| Price effective from | 01-03-2022 |
| 520 ## - SUMMARY, ETC. | |
| Summary, etc. | ಸರ್ಕಾರೀ ಪ್ರಥಮ ದರ್ಜೆ ಕಾಲೇಜುಗಳ ಸಹಾಯಕ ಪ್ರಾಧ್ಯಾಪಕರ ನೇಮಕಾತಿ ಪರೀಕ್ಷಾ ಸಿದ್ಧತೆಗಾಗಿ ರಚಿಸಲಾದ ಕೃತಿ. ಸರ್ಕಾರಿ ಪದವಿಪೂರ್ವ ಕಾಲೇಜುಗಳ ಉಪನ್ಯಾಸಕರ ನೇಮಕಾತಿ ಪರೀಕ್ಷೆ, ಕೆ .ಎ .ಎಸ್ ಮತ್ತು ಎಂ .ಎ ಪರೀಕ್ಷೆಗಳ ಸಿದ್ಧತೆಗೆ ಉಪಯುಕ್ತ. 2011-2020 ರವರೆಗಿನ ಕೆಸೆಟ್ ಸ್ಲೆಟ್ ಪ್ರಶ್ನೆಪತ್ರಿಕೆಗಳನ್ನು ಒಳಗೊಂಡಿದೆ |
| 650 ## - SUBJECT ADDED ENTRY--TOPICAL TERM | |
| Topical term or geographic name entry element | UGC KSET SLET NET Examaination: ಯು ಜಿ ಸಿ ಕೆಸೆಟ್ ಸ್ಲೆಟ್ ನೆಟ್ ಪರೀಕ್ಷೆ |
| 9 (RLIN) | 22942 |
| 650 ## - SUBJECT ADDED ENTRY--TOPICAL TERM | |
| Topical term or geographic name entry element | Sarvajanika Adalita: ಸಾರ್ವಜನಿಕ ಆಡಳಿತ |
| 9 (RLIN) | 22943 |
| 650 ## - SUBJECT ADDED ENTRY--TOPICAL TERM | |
| Topical term or geographic name entry element | Antara Rashtriya Sambandhagalu: ಅಂತರ ರಾಷ್ಟೀಯ ಸಂಬಂಧಗಳು |
| 9 (RLIN) | 22944 |
| 650 ## - SUBJECT ADDED ENTRY--TOPICAL TERM | |
| Topical term or geographic name entry element | Rajakiya Siddhanta: ರಾಜಕೀಯ ಸಿದ್ಧಾಂತ |
| 9 (RLIN) | 22945 |
| 700 ## - ADDED ENTRY--PERSONAL NAME | |
| Personal name | GANGADHARA P S: ಗಂಗಾಧರ (ಪಿ ಎಸ್) |
| 9 (RLIN) | 22946 |
| 942 ## - ADDED ENTRY ELEMENTS (KOHA) | |
| Source of classification or shelving scheme | Dewey Decimal Classification |
| Koha item type | Book |
| Withdrawn status | Lost status | Source of classification or shelving scheme | Damaged status | Not for loan | Collection code | Home library | Current library | Shelving location | Date acquired | Source of acquisition | Cost, normal purchase price | Total Checkouts | Full call number | Barcode | Date last seen | Date last checked out | Cost, replacement price | Price effective from | Koha item type |
|---|---|---|---|---|---|---|---|---|---|---|---|---|---|---|---|---|---|---|---|
| Dewey Decimal Classification | Political Science | St Aloysius Library | St Aloysius Library | Stack Section | 03/02/2022 | Biblios Book Point, Surathkal, Mangaluru-575014 | 792.00 | 3 | 320.02K GANS | 075567 | 08/17/2023 | 08/16/2023 | 990.00 | 03/01/2022 | Book |